Statistics for language of north macedonia

Click here to take the quiz!

General Stats

  • This quiz has been taken 26 times
  • The average score is 5 of 7

Answer Stats

HintAnswer% Correct
25.1%albanian
100%
66.49%macedonian
100%
1.22%serbian
100%
3.54%turkish
84%
1.90%romani
80%
0.42%bosnian
68%
0.34%aromanian
16%

Score Distribution

Percentile by Number Answered

Percent of People with Each Score

Your Score History

You have not taken this quiz